Parteien in der Bundesrepublik Deutschland

Salvato in:
Dettagli Bibliografici
Natura: Libro
Lingua:tedesco
Pubblicazione: Bonn Bundeszentrale für Politische Bildung 1990
Edizione:1. Aufl.
Soggetti:
Tags: Aggiungi Tag
Nessun Tag, puoi essere il primo ad aggiungerne!!

MARC

LEADER 00000nam a2200000 4500
001 c002394
005 20240912104449.3
020 |a 3-89331-051-7 
041 0 |a ger 
044 |a DE 
245 1 0 |a Parteien in der Bundesrepublik Deutschland  |c Red. Alf Mintzel, Heinrich Oberreuter 
250 |a 1. Aufl. 
264 1 |a Bonn  |b Bundeszentrale für Politische Bildung  |c 1990 
300 |a 544 s. 
610 2 0 |a strany politické 
610 2 0 |a Nemecko 
610 2 0 |a história 
610 2 0 |a vývoj spoločenský 
610 2 0 |a politika vnútorná